| 000 | 00432nam a2200169Ia 4500 | ||
|---|---|---|---|
| 008 | 230711s9999||||xx |||||||||||||| ||und|| | ||
| 020 | _a978-93-85360-13-8 | ||
| 041 | _aENG | ||
| 082 |
_a720.954 _bFY-C |
||
| 100 | _aFynn,Shaun | ||
| 245 | 0 | _aChandigarh Revaled : Le Corbusier's City Today | |
| 250 | _a1st Ed. | ||
| 260 |
_c2017 _aAhemdabad _bMapin Publishing Pvt.Ltd |
||
| 300 | _a239p. | ||
| 650 | _aArchitecture | ||
| 942 | _cBK | ||
| 999 |
_c6519 _d6519 |
||